000 004740000a22001930004500
003 LK-CoMWRAF
005 20230915143859.0
008 230817t1971 ||||| |||| 00| 0 eng d
040 _aLK-CoMWRAF
_dLK-CoMWRAF
_eLK-CoMWRAF
041 _aeng
082 _a297
_bAHM
100 _aAhmad, M. Rashid
245 _aAl-Islam (Fundamentals of Islam)
250 _a2nd Edition
260 _aLahore :
_bIslami mission,
_c1971
300 _a110p
650 _aIslam
942 _cBK
999 _c2030
_d2030